| 000 | 01384cad a22002175a 4500 | ||
|---|---|---|---|
| 001 | L156472 | ||
| 008 | 120528s2012 xxk 000 0 eng d | ||
| 035 | _a(Sirsi) u156472 | ||
| 041 | 0 | _aeng | |
| 110 | 2 |
_aCushman & Wakefield _95888 |
|
| 245 | 0 | 0 |
_aMarketview _ba global perspective on retail revival _h[electronic resource] |
| 260 |
_aNew York _bCushman & Wakefied _c2012 |
||
| 490 | 0 |
_aCushman & Wakefield Global Perspective on Retail Revival _vMay 2012 |
|
| 520 | _aIn the evolving borderless global marketplace, mature retail and gateway cities in North America and Europe serve as the foundation while emerging markets including China, India, Brazil are the primary drivers of growth. Examines economic conditions, shopping trends, investment opportunities and leasing strategies on a global basis to provide a critical understanding of how mature and emerging markets are affecting the retail revival currently underway. | ||
| 520 | _aIntroduction -- global economy -- retailing trends -- changing retail strategies -- retail investment -- retail leasing. | ||
| 590 | _aKA | ||
| 651 | 4 | _aInternational | |
| 690 |
_aCommercial property _96227 |
||
| 856 | 4 | 0 |
_uhttps://www.cushwake.com/cwglobal/jsp/kcReportDetail.jsp?Country=GLOBAL&Language=EN&catId=100003&pId=c42900003p _zView the report after free registration with the Knowledge Center at www.cushwake.com |
| 942 | _n0 | ||
| 999 |
_c84031 _d84031 |
||